000 00741nam a2200253Ia 4500
003 OSt
005 20220928131557.0
006 a|||||r|||| 00| 0
007 ta
008 220927b |||||||| |||| 00| 0 eng d
020 _c5070.4857000000002
024 _a119683
037 _b131, 24/09/2013, Vardhman Books
_cTextual
040 _aSDCL
_cSDCL
_beng
041 _2eng
_aeng
082 _aB286, Q3
100 _aBecketti sean
_9433382
245 0 _aIntroduction to time series using Stata.
260 _aTexas
_bStata Press
_c2013
300 _axxv;443p.
_ccm.
650 _aBusiness Economics
_9391653
942 _hB286, Q3
_cTEXL
_2CC
999 _c791511
_d791511